Letters from Vietnam : (Record no. 53319)
[ view plain ]
| 000 -LEADER | |
|---|---|
| fixed length control field | 01874nam a22002777a 4500 |
| 005 - DATE AND TIME OF LATEST TRANSACTION | |
| control field | 20110628104948.0 |
| 010 ## - LCCN (DPL NO) | |
| LC control number | ENG-102848 B-456946-950 |
| 020 ## - INTERNATIONAL STANDARD BOOK NUMBER | |
| International Standard Book Number | 9788124115862 |
| Terms of availability | 595.00 |
| 035 ## - SYSTEM CONTROL NUMBER | |
| System control number | EN-86381 B-456946-950 |
| 037 ## - SOURCE OF ACQUISITION | |
| Source of stock number/acquisition | DBAD/PUB |
| 037 ## - SOURCE OF ACQUISITION | |
| Source of stock number/acquisition | K.K.Pub/Ven |
| 100 ## - MAIN ENTRY--PERSONAL NAME | |
| Personal name | Lundquist, Jacqueline |
| 245 ## - TITLE STATEMENT | |
| Title | Letters from Vietnam : |
| Statement of responsibility, etc | by Jacqueline Lundquist [and] Lundquist Donald C. |
| Remainder of title | a daughter's search for her father / |
| 260 ## - PUBLICATION, DISTRIBUTION, ETC. (IMPRINT) | |
| Place of publication, distribution, etc | New Delhi |
| Name of publisher, distributor, etc | Har Anand Publications |
| Date of publication, distribution, etc | 2011 |
| 270 ## - ADDRESS | |
| Address | E-49/3,Okhla Industrial Area,Phase-II, |
| City | New Delhi |
| Postal code | 110020 |
| 300 2# - PHYSICAL DESCRIPTION | |
| Extent | 180p. : |
| Dimensions | 22cm (Hb) |
| Other physical details | col.photos |
| 700 ## - ADDED ENTRY--PERSONAL NAME | |
| 9 (RLIN) | 28907 |
| Personal name | Lundquist ,Donald C. |
| 942 ## - ADDED ENTRY ELEMENTS (KOHA) | |
| Source of classification or shelving scheme | Dewey Decimal Classification |
| Item type | English Books |
| Call number suffix | LUN |
| Classification part | 959.704092 |
| Withdrawn status | Lost status | Not for loan | Collection code | Home library | Current library | Date acquired | Source of acquisition | Cost, normal purchase price | Full call number | Barcode | Copy number | Cost, replacement price | Koha item type |
|---|---|---|---|---|---|---|---|---|---|---|---|---|---|
| Non-fiction | Central Library | Central Library | 23/08/2012 | K.K.Pub/1632/20.01.2012/19/16.01.2012/03.02.2012 | 595.00 | 959.704092 LUN | B-456946 | 1 | 595.00 | English Books | |||
| Not For Loan | Non-fiction | D.B.Act.Division | D.B.Act.Division | 28/06/2011 | DBAD/PUB | 595.00 | LUN | EN-86381 | 1 | 595.00 | English Books | ||
| Non-fiction | Karol Bagh | Karol Bagh | 23/08/2012 | K.K.Pub/1632/20.01.2012/19/16.01.2012/03.02.2012 | 595.00 | 959.704092 LUN | B-456949 | 1 | 595.00 | English Books | |||
| Non-fiction | Patel Nagar | Patel Nagar | 23/08/2012 | K.K.Pub/1632/20.01.2012/19/16.01.2012/03.02.2012 | 595.00 | 959.704092 LUN | B-456947 | 1 | 595.00 | English Books | |||
| Non-fiction | Sarojini Nagar | Sarojini Nagar | 23/08/2012 | K.K.Pub/1632/20.01.2012/19/16.01.2012/03.02.2012 | 595.00 | 959.704092 LUN | B-456948 | 1 | 595.00 | English Books | |||
| Written-off vide DLB M. No. 383 dt 16.05.19 | Non-fiction | Shahdara Branch | Shahdara Branch | 23/08/2012 | K.K.Pub/1632/20.01.2012/19/16.01.2012/03.02.2012 | 595.00 | 959.704092 LUN | B-456950 | 1 | 595.00 | English Books |
